[Event "91st GER-ch 2020"]
[Site "Magdeburg"]
[Date "2020.08.18"]
[Round "3.16"]
[White "Michalowski, Peter"]
[Black "Trifan, Andrei Ioan"]
[Result "1/2-1/2"]
[WhiteElo "2106"]
[BlackElo "2249"]
[Annotator "TA"]
[PlyCount "88"]
[EventDate "2020.08.16"]
[EventType "swiss"]
[EventCountry "GER"]
[SourceTitle "playchess.com"]
[Source "ChessBase"]
[SourceQuality "1"]

{[%evp 12,88,3,-16,-13,-20,0,-24,-16,-28,-25,-23,-21,-37,-21,-31,-1,-40,-30,-35,0,-7,-7,-6,0,0,0,-24,-12,-44,39,23,34,-16,60,0,0,-18,-17,-40,0,0,0,0,0,-8,-8,-8,-8,-8,-8,-8,-8,-8,-8,-11,-8,-10,-1,-4,-8,-13,0,0,0,0,0,0,0,0,0,0,0,0,0,0,0,0,0]} 1. e4 e5 2. Nf3 Nc6 3. Bb5 a6 4. Ba4 Nf6 5. Qe2 b5 6. Bb3 Bc5 7. d3 d6 {C77: Ruy Lopez: 3...a6 4 Ba4 Nf6, unusual lines.} 8. Bg5 h6 {[#]} 9. Be3 $146 ({Predecessor:} 9. Bd5 Bd7 10. Bh4 g5 11. Bxc6 Bxc6 12. Bg3 Qd7 13. c3 O-O-O 14. b4 Bb6 15. a4 {1-0 (56) Gonzalez Grave de Peralta,R (2008)-Girones Barrios,Y (2180) Camaguey 2010}) 9... Bxe3 {Black has an edge.} 10. fxe3 Na5 11. O-O O-O 12. Nc3 Re8 13. Qd2 Bb7 14. Rae1 Nxb3 15. axb3 d5 16. Nxd5 Nxd5 17. exd5 Bxd5 18. e4 Be6 19. Qf2 Qd6 20. Nh4 Qd4 (20... a5 $15) 21. Qxd4 $14 exd4 22. Nf3 Red8 (22... c5 $11) 23. Ra1 (23. b4 $1 $14) 23... a5 $11 24. Ra3 c5 25. Nd2 a4 26. bxa4 {The position is equal.} bxa4 27. Rfa1 Rab8 28. b3 axb3 29. cxb3 Rb5 30. Ra5 Rdb8 31. Rxb5 Rxb5 {[%mdl 4096] Endgame KRB-KRN} 32. Ra3 Bg4 33. Kf2 Bd1 34. Ke1 Bc2 35. Ke2 $1 Kh7 36. Ra7 Bxb3 37. Nxb3 Rxb3 38. Rxf7 {KR-KR} Rb2+ 39. Kf1 Kg6 40. Rf2 Rb1+ 41. Ke2 Rb2+ 42. Kf3 Rb3 43. Ke2 Rc3 44. Kd2 Ra3 {Accuracy: White = 86%, Black = 80%.} 1/2-1/2

[Event "91st GER-ch 2020"]
[Site "Magdeburg"]
[Date "2020.08.18"]
[Round "3.17"]
[White "Schulte, Felix"]
[Black "Falke, Isaak"]
[Result "1-0"]
[WhiteElo "2174"]
[BlackElo "2113"]
[Annotator "TA"]
[PlyCount "55"]
[EventDate "2020.08.16"]
[EventType "swiss"]
[EventCountry "GER"]
[SourceTitle "playchess.com"]
[Source "ChessBase"]
[SourceQuality "1"]

{[%evp 9,55,13,26,16,19,20,42,43,24,14,24,23,50,57,73,61,69,69,161,156,356,354,453,462,439,433,429,426,867,850,838,837,805,803,748,543,1203,1185,1343,1143,1400,1374,1356,1328,1279,1175,1180,1143]} 1. d4 d5 2. c4 c6 3. Nc3 Nf6 4. e3 a6 5. Qc2 dxc4 6. Bxc4 {D10: Slav Defence: 3 cxd5 (without early Nf3) and 3 Nc3.} b5 7. Be2 Nbd7 8. Nf3 {White is slightly better.} e6 9. O-O Bb7 10. a4 {[#]} Bd6 $146 ({Predecessor:} 10... b4 11. Ne4 Nxe4 12. Qxe4 Nf6 13. Qh4 Be7 14. e4 c5 15. e5 Ne4 16. Qg4 Kf8 {1-0 (59) Indjic,A (2494)-Manojlovic,S Belgrade 2012}) 11. e4 {Threatens to win with e5.} e5 12. Bg5 $36 {[%mdl 2048] White has good play.} O-O 13. Rad1 {dxe5 is the strong threat.} Qe7 {[#]} ({Better is} 13... Qb8 $14) 14. dxe5 $1 $18 Bxe5 $2 {[#]} (14... Nxe5 $16 15. Nd4 Bc5) 15. Rxd7 $1 {[%mdl 576] Pin} Bxh2+ (15... Qxd7 16. Nxe5) 16. Nxh2 {White is clearly winning.} Qxd7 17. Bxf6 gxf6 18. Ng4 Qe6 (18... Qe7 $142 19. Qd2 Kh8) 19. Qc1 Kh8 20. Qh6 Rg8 21. Nxf6 {[%csl Gf6][%cal Rh6h7][%mdl 64] Double Attack} Rg7 22. Bg4 Qe7 23. Bf5 Qf8 24. Kh1 Qd6 25. Bxh7 Qxf6 26. Qxf6 {Intending Bf5 and mate.} Kxh7 27. Qf5+ Kh8 28. Rd1 {Black did not feel at home in the position after the opening. Accuracy: White = 94%, Black = 43%.} 1-0

[Event "91st GER-ch 2020"]
[Site "Magdeburg"]
[Date "2020.08.18"]
[Round "4.1"]
[White "Engel, Luis"]
[Black "Graf, Alexander"]
[Result "1-0"]
[WhiteElo "2532"]
[BlackElo "2569"]
[Annotator "TA"]
[PlyCount "87"]
[EventDate "2020.08.16"]
[EventType "swiss"]
[EventCountry "GER"]
[SourceTitle "playchess.com"]
[Source "ChessBase"]
[SourceQuality "1"]

{[%evp 21,87,22,25,22,22,11,17,19,19,23,24,8,18,0,24,16,28,26,27,25,11,0,0,0,101,113,120,113,200,183,366,350,669,680,651,664,610,455,498,471,636,347,342,337,350,338,318,325,348,304,329,309,295,331,290,290,505,511,496,495,471,454,588,572,698,693,603,601]} 1. e4 e6 2. d4 d5 3. Nd2 c5 4. exd5 Qxd5 5. Ngf3 cxd4 6. Bc4 Qd6 7. O-O Nf6 8. Nb3 Nc6 9. Nbxd4 Nxd4 10. Nxd4 Bd7 11. c3 Be7 {is cutting edge theory.} 12. Qe2 {C07: French Tarrasch: 3...c5, 4 Ngf3 and 4 exd5 Qxd5.} O-O 13. Re1 Rac8 14. Bb3 {[#] The position is equal.} a5 $146 ({Predecessor:} 14... Qb6 15. Be3 Bc5 16. Bg5 Bxd4 17. cxd4 Qb5 18. Qe5 Qxe5 19. dxe5 Nd5 20. Rac1 Bc6 21. Bxd5 Bxd5 {½-½ (27) Arnason,J (2500)-Eingorn,V (2570) Moscow 1990}) 15. a4 Qb6 16. Bg5 Rfe8 17. Rad1 Rcd8 (17... h6 $5 {[%cal Rh6g5]} 18. Bh4 e5 19. Bxf6 Bxf6 $11) 18. h3 h6 19. Bh4 Nd5 20. Bxe7 Nxe7 21. Qh5 Bc6 22. Re3 Rxd4 (22... Nf5 $11 23. Nxf5 Rxd1+ 24. Qxd1 (24. Bxd1 exf5 25. Rxe8+ Bxe8 $11) 24... exf5 25. Rxe8+ Bxe8) 23. cxd4 $16 {White leaves nothing to chance now.} Nf5 24. Red3 Be4 (24... Nxd4 $16 25. Rxd4 Qxb3) 25. Rc3 $18 Nxd4 $2 (25... g6 {was necessary.} 26. Qe2 Bc6) 26. Qg4 f5 $2 (26... Nxb3 27. Qxe4 Nc5) 27. Qg6 Kf8 {Threatening ...Ne2+.} 28. Rd2 Bc6 29. Bd1 Rd8 {[#] With the idea ...Nf3+.} 30. Rcd3 $1 {[%cal Rd3d4]} e5 31. Bb3 {[%csl Gb3][%cal Rg6f7][%mdl 64] Pin} Qc7 {[#]} 32. Qh7 $1 {Threatening mate with Qh8+.} Bd5 33. Rc3 Qf7 34. Bxd5 Rxd5 35. Qh8+ Ke7 36. Rc7+ Rd7 37. Rxd7+ Kxd7 {[%mdl 4096] Endgame [#] KQR-KQN} 38. f4 $1 {[%mdl 512]} Kc7 $2 (38... Qe7 {is a better defense.} 39. Qb8 Qc5) (38... exf4 39. Rxd4+) 39. fxe5 {White is clearly winning.} Nc6 40. e6 {[%mdl 64] Deflection} Qxe6 {Hoping for ...Qe1+.} 41. Qxg7+ Kc8 {White must now prevent ...Qe1+.} 42. Kh2 Qe3 43. Qg8+ Kc7 44. Qg3+ {Accuracy: White = 90%, Black = 50%.} 1-0

[Event "91st GER-ch 2020"]
[Site "Magdeburg"]
[Date "2020.08.18"]
[Round "4.2"]
[White "Parvanyan, Ashot"]
[Black "Florstedt, Johannes"]
[Result "1-0"]
[WhiteElo "2449"]
[BlackElo "2350"]
[Annotator "TA"]
[PlyCount "157"]
[EventDate "2020.08.16"]
[EventType "swiss"]
[EventCountry "GER"]
[SourceTitle "playchess.com"]
[Source "ChessBase"]
[SourceQuality "1"]

{[%evp 11,157,6,34,0,14,0,4,0,43,0,0,0,0,0,0,0,0,0,0,0,8,12,86,35,50,22,22,22,6,26,76,69,70,79,88,0,0,0,0,0,12,8,8,-28,-15,-41,-47,-105,-51,-314,-195,-185,-176,-167,-188,-200,-195,-153,0,-20,0,-62,0,-173,-187,-235,-246,-247,-207,-236,-226,-199,0,-221,-193,-211,-196,-231,-213,-372,-371,-323,-199,-194,-135,-130,-104,-99,-96,-273,-238,-235,-185,-210,-181,-406,-406,-406,-395,-398,-395,-344,-337,-814,-712,-2652,-2440,-1942,-1056,-29951,-29955,-29956,-29954,-1935,0,-29947,-12800,-7787,-5422,-2428,-1597,-5189,-4618,-12005,-12839,-29981,-29982,-12838,-1768,-1383,68,63,29970,12797,29936,29954,29979,29980,29980,29981,29980,29982,29982,29983,29983,29984,29984,29984]} 1. e4 c5 2. Nf3 d6 3. d4 cxd4 4. Nxd4 Nf6 5. Nc3 a6 6. Bg5 Nbd7 7. Qf3 {B94: Sicilian Najdorf: 6 Bg5 Nbd7.} g6 8. O-O-O Qc7 {[#]} 9. h4 $146 {The position is equal.} ({Predecessor:} 9. h3 Bg7 10. g4 Ne5 11. Qe3 Nc4 12. Bxc4 Qxc4 13. Bxf6 Bxf6 14. b3 Qc5 15. Nd5 {1-0 (50) Kasioumis,V (1910)-Papadimitrakis,G (1355) Achaea 2016}) 9... h5 10. Qe3 b5 11. a3 Bb7 12. f3 Bg7 13. Be2 Rc8 14. Kb1 Ne5 15. Rhe1 Nc4 16. Bxc4 $1 Qxc4 (16... bxc4 $11 17. Ka2 O-O) 17. Nb3 (17. e5 $16 dxe5 18. Qxe5) 17... Qc7 $14 18. e5 dxe5 19. Qxe5 Qxe5 20. Rxe5 Rc7 21. Rc5 Rxc5 22. Nxc5 Bc8 23. Na2 ({White should play} 23. Re1 $16) 23... Nd7 $11 24. Nxd7 Bxd7 25. Nb4 f6 26. Be3 ({Weaker is} 26. Nxa6 fxg5 27. Nc7+ Kd8 $17) 26... Bc8 27. Bb6 Kf7 28. Rd5 Bh6 29. g3 (29. Nc6 $15) 29... g5 (29... Bb7 $17 30. Rd7 Bxf3 31. Nxa6 Rc8) 30. Be3 $2 {[%mdl 8192]} (30. hxg5 $15 fxg5 31. Bd4) 30... Bb7 31. Rd7 Bxf3 32. Bc5 Bf8 33. Nxa6 gxh4 34. gxh4 Ke6 $2 (34... Rg8 $17 {aiming for ...Rg4.} 35. Nb4 Rg2) 35. Rd8 Kf7 36. Nc7 (36. Rd7 $11) 36... Bc6 (36... Rg8 $15 37. Nxb5 Rg4) 37. b3 $2 (37. Nd5 $11 {and White stays safe.}) 37... Bg7 $19 38. Rd2 Rc8 39. Bb6 Bh6 40. Rf2 Rb8 41. Bc5 Rc8 42. Bb6 e5 43. Na6 Kg6 44. Nb4 e4 45. Bd4 $2 (45. Rf1 {keeps fighting.}) 45... f5 46. Rg2+ Kf7 47. Rf2 Ke6 ({Better is} 47... Bd7 $19 48. Nd5 Ke6 49. Nf4+ Bxf4 50. Rxf4 Rg8) 48. Rg2 $17 {Threatens to win with Rg6+.} Be8 $1 {Hoping for ...f4.} 49. Rg8 Bf4 50. Rf8 $2 (50. c3 $17) 50... Be5 $19 51. Nc6 Bd6 {[%mdl 64] Double Attack} 52. Rf6+ Kd5 53. c4+ $2 (53. Na7 {is the only way for White.} Ra8 54. c3) 53... bxc4 54. bxc4+ Kxc4 (54... Kxc6 $2 55. c5 $19) 55. Rxd6 {Black must now prevent Ne7.} Rxc6 {[%mdl 4096] Endgame KRB-KRB} 56. Rd8 f4 57. Be5 $2 (57. Kb2) 57... f3 {Strongly threatening ...f2.} 58. Rxe8 {KRB-KR} e3 59. Bg3 Kd3 60. Bf4 e2 61. Re3+ Kd4 62. Re8 Kd3 (62... Kc4 $19 63. Bg3 Rg6) 63. Re3+ $1 Kc4 $1 64. Re4+ Kb3 $1 65. Bg3 Rg6 $1 {[%cal Rg6g3]} 66. Bf2 {[#]} Rg2 $1 {[%cal Rg2f2]} 67. Bc5 Rh2 {( -> ...Rh1+)} ({Worse is} 67... f2 {[#]} 68. Bxf2 $1 {[%mdl 512]} Rxf2 69. Kc1 $11) 68. Rb4+ Kc3 {[%cal Re2e1]} 69. Re4 Rh1+ (69... f2 $142 70. Bxf2 Rxf2 71. Re3+ Kd4) 70. Ka2 e1=Q $2 (70... Kd3 $19 71. Rd4+ Kc3) 71. Rxe1 $14 Rxe1 $4 {[%mdl 8192] KR-KB} (71... Rxh4 $14 72. Bf2 Rf4) 72. Bb4+ Kd3 73. Bxe1 {KB-KPP. White mates.} Ke2 74. Bg3 Kf1 75. a4 {[%cal Ba3a4,Ba4a5][%mdl 32]} Kg2 76. Be1 Kf1 77. Ba5 Kg2 78. Bb6 Kh3 79. a5 {Never resign too early! Accuracy: White = 54%, Black = 72%.} 1-0

[Event "91st GER-ch 2020"]
[Site "Magdeburg"]
[Date "2020.08.18"]
[Round "4.3"]
[White "Dobrikov, Marco"]
[Black "Pfreundt, Jakob"]
[Result "1-0"]
[WhiteElo "2290"]
[BlackElo "2397"]
[Annotator "ChessBase"]
[PlyCount "127"]
[EventDate "2020.08.16"]
[EventType "swiss"]
[EventCountry "GER"]
[SourceTitle "playchess.com"]
[Source "ChessBase"]
[SourceQuality "1"]
[TimeControl "40/5400+30:1800+30"]

1. e4 {[%emt 0:00:00]} c5 {[%emt 0:00:00]} 2. Nf3 {[%emt 0:00:00]} d6 {[%emt 0:00:03]} 3. d4 {[%emt 0:00:00]} cxd4 {[%emt 0:00:04]} 4. Nxd4 {[%emt 0:00:00]} Nf6 {[%emt 0:00:09]} 5. Nc3 {[%emt 0:00:00]} Nc6 {[%emt 0:00:20]} 6. Bg5 {[%emt 0:00:08]} e6 {[%emt 0:00:19]} 7. Qd2 {[%emt 0:00:25]} a6 {[%emt 0:00:24]} 8. O-O-O {[%emt 0:00:13]} Bd7 {[%emt 0:00:13]} 9. f4 {[%emt 0:01:41]} Be7 {[%emt 0:00:28]} 10. Be2 {[%emt 0:08:58]} b5 {[%emt 0:35:38]} 11. Bf3 {[%emt 0:04:37]} Rc8 {[%emt 0:06:05]} 12. Rhe1 {[%emt 0:13:27]} b4 {[%emt 0:06:45]} 13. Nce2 {[%emt 0:05:42]} O-O {[%emt 0:08:50]} 14. Nxc6 {[%emt 0:03:48]} Bxc6 {[%emt 0:00:28]} 15. Nd4 {[%emt 0:00:15]} Ba8 {[%emt 0:02:02]} 16. Bxf6 {[%emt 0:13:38]} Bxf6 {[%emt 0:02:47]} 17. Qxb4 {[%emt 0:00:23]} Rb8 {[%emt 0:00:55]} 18. Qa3 {[%emt 0:01:37]} Qc7 {[%emt 0:11:11]} 19. Re2 {[%emt 0:06:28]} e5 {[%emt 0:02:35]} 20. Nb3 {[%emt 0:02:22]} Rb6 {[%emt 0:01:53]} 21. f5 {[%emt 0:01:25]} Be7 {[%emt 0:01:33]} 22. Qa5 {[%emt 0:00:04]} Rfb8 {[%emt 0:03:20]} 23. Kb1 {[%emt 0:01:48]} Bc6 {[%emt 0:01:22]} 24. c4 {[%emt 0:03:00]} Qa7 {[%emt 0:01:50]} 25. Nc1 {[%emt 0:04:32]} d5 {[%emt 0:06:11]} 26. exd5 {[%emt 0:00:25]} Bb4 {[%emt 0:01:09]} 27. Qxb6 {[%emt 0:00:15]} Qxb6 {[%emt 0:00:14]} 28. dxc6 {[%emt 0:00:03]} Rd8 {[%emt 0:01:31]} 29. Rxd8+ {[%emt 0:00:35]} Qxd8 {[%emt 0:00:02]} 30. Bd5 {[%emt 0:00:39]} Bd6 {[%emt 0:01:14]} 31. Nd3 {[%emt 0:00:07]} g6 {[%emt 0:00:46]} 32. Nxe5 {[%emt 0:01:38]} Bxe5 {[%emt 0:00:13]} 33. Rxe5 {[%emt 0:00:02]} Kg7 {[%emt 0:00:33]} 34. a3 {[%emt 0:00:18]} Kf6 {[%emt 0:00:38]} 35. Re3 {[%emt 0:00:25]} Qb6 {[%emt 0:00:31]} 36. Rf3 {[%emt 0:00:30]} gxf5 {[%emt 0:04:00]} 37. Ka2 {[%emt 0:00:08]} Ke5 {[%emt 0:01:24]} 38. Rb3 {[%emt 0:00:11]} Qc5 {[%emt 0:00:18]} 39. Rb7 {[%emt 0:00:49]} h5 {[%emt 0:00:27]} 40. Rxf7 {[%emt 0:00:19]} a5 {[%emt 0:00:12]} 41. Rh7 {[%emt 0:31:51]} a4 {[%emt 0:31:13]} 42. Rxh5 {[%emt 0:00:03]} Qb6 {[%emt 0:00:00]} 43. Rh3 {[%emt 0:00:00]} f4 {[%emt 0:00:00]} 44. Rf3 {[%emt 0:00:00]} Qc5 {[%emt 0:00:00]} 45. h4 {[%emt 0:00:00]} Qa7 {[%emt 0:00:00]} 46. h5 {[%emt 0:00:00]} Qh7 {[%emt 0:00:00]} 47. Rh3 {[%emt 0:00:00]} Kd6 {[%emt 0:00:00]} 48. h6 {[%emt 0:00:00]} Kc7 {[%emt 0:00:00]} 49. g4 {[%emt 0:00:00]} fxg3 {[%emt 0:00:00]} 50. Rxg3 {[%emt 0:00:00]} Qxh6 {[%emt 0:00:00]} 51. Rf3 {[%emt 0:00:00]} Kd6 {[%emt 0:00:00]} 52. Rf7 {[%emt 0:00:00]} Qh3 {[%emt 0:00:00]} 53. Rd7+ {[%emt 0:00:00]} Ke5 {[%emt 0:00:00]} 54. Rb7 {[%emt 0:00:00]} Qc8 {[%emt 0:00:00]} 55. Ra7 {[%emt 0:00:00]} Kd4 {[%emt 0:00:00]} 56. Rxa4 {[%emt 0:00:00]} Kd3 {[%emt 0:00:00]} 57. Ra7 {[%emt 0:00:00]} Kc2 {[%emt 0:00:00]} 58. c7 {[%emt 0:00:00]} Kc1 {[%emt 0:00:00]} 59. Rb7 {[%emt 0:00:00]} Kc2 {[%emt 0:00:00]} 60. Be4+ {[%emt 0:00:00]} Kc1 {[%emt 0:00:12]} 61. Kb3 {[%emt 0:00:00]} Qd7 {[%emt 0:00:47]} 62. Bd5 {[%emt 0:00:00]} Kd2 {[%emt 0:01:22]} 63. Kb4 {[%emt 0:00:00]} Kd3 {[%emt 0:00:28]} 64. Kc5 {[%emt 0:00:00]} 1-0

[Event "91st GER-ch 2020"]
[Site "Magdeburg"]
[Date "2020.08.18"]
[Round "4.4"]
[White "Andre, Gordon"]
[Black "Heinemann, Thies"]
[Result "0-1"]
[WhiteElo "2373"]
[BlackElo "2507"]
[Annotator "TA"]
[PlyCount "92"]
[EventDate "2020.08.16"]
[EventType "swiss"]
[EventCountry "GER"]
[SourceTitle "playchess.com"]
[Source "ChessBase"]
[SourceQuality "1"]

{[%evp 9,92,12,26,23,28,27,72,21,18,7,24,15,13,16,22,21,45,52,66,66,57,47,62,39,79,44,89,75,183,178,170,0,-52,-43,-51,-75,-72,-74,-73,-71,-63,-68,-54,-61,-55,-68,-60,-86,-77,-125,-122,-570,-243,-300,-190,-282,-274,-357,-350,-316,-296,-293,-188,-234,0,-270,-215,-238,-154,-140,-55,-56,-43,-425,-413,-635,-625,-621,-621,-573,-565,-1077,-1061,-1011,-815]} 1. d4 Nf6 2. c4 e6 3. Nf3 b6 4. g3 Ba6 5. b3 b5 6. Nbd2 {E15: Queen's Indian: 4 g3 sidelines, 4 g3 Ba6 and 4 g3 Bb7 early deviations.} bxc4 7. bxc4 Bb4 8. Qa4 (8. Bg2 $16) 8... c5 $11 {[#]} 9. Bg2 $146 ({Predecessor:} 9. Rb1 Qa5 10. Qxa5 Bxa5 11. e3 Nc6 12. Kd1 O-O 13. dxc5 Ng4 14. Ke1 Rab8 15. Rxb8 Rxb8 16. Bd3 Nb4 17. Bb1 Nd5 18. Bxh7+ Kxh7 19. cxd5 Rb1 20. Kd1 Nxf2+ {0-1 (20) Knaus,S (2147)-Shneider,A (2519) Zuerich 2003}) 9... Bb7 10. O-O O-O 11. Rb1 Bc6 12. Qc2 Bxd2 13. Qxd2 cxd4 14. Ba3 $36 {[%mdl 2048] White is pushing.} Re8 $1 15. Nxd4 Bxg2 16. Kxg2 a6 17. Qb4 Qc8 18. Qb7 Qxc4 (18... Qxb7+ $16 19. Rxb7 Rc8) 19. Qxa8 $18 Nc6 20. Qxe8+ $2 (20. Qb7 $18 Nxd4 21. Bb2) 20... Nxe8 $15 21. Nxc6 Qxc6+ 22. Kg1 {Threatens to win with Rb8!} f5 23. Rfd1 Nf6 24. Bb2 Nd5 25. Rd2 Qa4 26. Bd4 Kf7 27. f3 h5 28. Bf2 g5 29. Rb8 g4 30. Rdb2 $2 {[%mdl 8192]} (30. Rbb2 $17) 30... gxf3 (30... Qd1+ $142 31. Kg2 h4 $1 {[%mdl 512]}) 31. exf3 $19 {[#]} h4 $1 {[%mdl 512]} 32. Kg2 (32. R8b3 {was called for.}) (32. gxh4 Qd1+) 32... Qd1 $1 {Strongly threatening ...h3+!} 33. Rh8 {[#]} Qa1 $1 {[%cal Ra1b2]} 34. Rbb8 Qxa2 {Hoping for ...Ne3+.} 35. Kg1 Qa1+ 36. Kg2 Qa2 37. Kg1 $1 {intending Bd4.} hxg3 38. hxg3 Qa1+ 39. Kg2 Nf6 (39... Qc3 $17 {...Qd2 is the strong threat.} 40. Rh7+ Kf6 41. Rh6+ Kg7) 40. Bc5 $15 Qa2+ (40... Kg7 $5 {[%cal Ra1a2]} 41. Be7 Qa2+ 42. Kg1 Qa1+ 43. Kg2 Kf7 $19) 41. Kh3 $2 {[%mdl 8192]} (41. Kg1 $1 $15) 41... Qc4 $19 42. Rbf8+ (42. Rhf8+ $142 Kg6 43. Be7 Qf1+ 44. Kh2 Qf2+ 45. Kh3) 42... Kg6 {Black is clearly winning.} 43. Be7 Qf1+ 44. Kh2 {[#]} Qf2+ $1 45. Kh3 Qxf3 {[%cal Rf3h1]} 46. Rxf6+ Kg7 {What a bad dream for White. Accuracy: White = 56%, Black = 66%.} 0-1

[Event "91st GER-ch 2020"]
[Site "Magdeburg"]
[Date "2020.08.18"]
[Round "4.5"]
[White "Falke, Isaak"]
[Black "Mueller, Dominik"]
[Result "1/2-1/2"]
[WhiteElo "2113"]
[BlackElo "2252"]
[Annotator "TA"]
[PlyCount "81"]
[EventDate "2020.08.16"]
[EventType "swiss"]
[EventCountry "GER"]
[SourceTitle "playchess.com"]
[Source "ChessBase"]
[SourceQuality "1"]

{[%evp 16,81,13,-11,33,36,39,28,16,10,6,2,6,13,1,23,7,0,8,11,18,8,31,25,18,10,25,33,25,16,31,6,16,9,29,26,31,0,7,0,0,-25,-21,-31,15,0,4,10,0,0,0,-8,-8,-8,-8,-8,4,0,1,2,19,0,0,-5,6,0,27,0]} 1. c4 e6 2. Nf3 Nf6 3. g3 d5 4. Bg2 Be7 5. d4 O-O 6. O-O dxc4 7. Qc2 a6 8. a4 $1 {The main line 8.a4 scores better than 8.Qxc4.} Bd7 9. Nbd2 a5 {E05: Open Catalan: 5 Nf3 Be7.} 10. Nxc4 Bc6 11. Bd2 Be4 {[#]} 12. Qc1 $146 ({Predecessor:} 12. Qd1 Nc6 13. Bc3 Nb4 14. Nfe5 Bxg2 15. Kxg2 Nd7 16. e4 Nxe5 17. Nxe5 Qd6 18. Qe2 {0-1 (64) Ftacnik,L (2535)-Winants,L (2505) Tilburg 1992}) 12... Nc6 13. Bc3 Bd5 14. Ncd2 Ne4 15. Rd1 f5 16. Nxe4 Bxe4 17. Ne1 Bd5 18. Qc2 g5 19. e4 fxe4 20. Bxe4 Bxe4 21. Qxe4 Qd5 22. Qg4 Rad8 23. h4 Qf5 24. Qxf5 Rxf5 25. hxg5 Rxg5 26. Ng2 Kf7 27. Nf4 Bd6 {[#] aiming for ...Bxf4.} 28. Ne2 h5 29. Rd3 Kg6 30. Rad1 Ne7 31. Re3 Kf7 32. Kg2 h4 33. Rh1 Nf5 34. Rf3 hxg3 35. fxg3 Kg6 36. Bd2 Rg4 37. Bxa5 Ra8 38. Bc3 Rxa4 39. Rh8 Ne7 40. Re8 Ra6 41. Ref8 {Accuracy: White = 88%, Black = 89%.} 1/2-1/2

[Event "91st GER-ch 2020"]
[Site "Magdeburg"]
[Date "2020.08.18"]
[Round "4.6"]
[White "Bastian, Herbert"]
[Black "Siebrecht, Sebastian"]
[Result "0-1"]
[WhiteElo "2272"]
[BlackElo "2417"]
[Annotator "ChessBase"]
[PlyCount "86"]
[EventDate "2020.08.16"]
[EventType "swiss"]
[EventCountry "GER"]
[SourceTitle "playchess.com"]
[Source "ChessBase"]
[SourceQuality "1"]
[TimeControl "40/5400+30:1800+30"]

1. e4 {[%emt 0:00:00]} c5 {[%emt 0:00:00]} 2. Nc3 {[%emt 0:00:00]} Nc6 {[%emt 0:00:00]} 3. g3 {[%emt 0:00:07]} g6 {[%emt 0:00:10]} 4. Bg2 {[%emt 0:00:08]} Bg7 {[%emt 0:00:04]} 5. d3 {[%emt 0:00:09]} d6 {[%emt 0:00:06]} 6. Be3 {[%emt 0:02:39]} e5 {[%emt 0:00:46]} 7. Qd2 {[%emt 0:02:57]} h6 {[%emt 0:00:11]} 8. Nge2 {[%emt 0:14:42]} Nge7 {[%emt 0:00:30]} 9. O-O {[%emt 0:00:56]} Nd4 {[%emt 0:01:26]} 10. f4 {[%emt 0:02:16]} Be6 {[%emt 0:01:41]} 11. Nd1 {[%emt 0:07:20]} Bg4 {[%emt 0:05:01]} 12. Nc1 {[%emt 0:03:12]} Qd7 {[%emt 0:01:05]} 13. c3 {[%emt 0:01:19]} Ndc6 {[%emt 0:00:08]} 14. Nf2 {[%emt 0:00:16]} Be6 {[%emt 0:00:14]} 15. Ne2 {[%emt 0:00:27]} Nd4 {[%emt 0:05:07]} 16. Qd1 {[%emt 0:14:49]} Nxe2+ {[%emt 0:01:52]} 17. Qxe2 {[%emt 0:02:15]} Rc8 {[%emt 0:00:01]} 18. a3 {[%emt 0:08:35]} O-O {[%emt 0:00:29]} 19. Qd2 {[%emt 0:03:06]} exf4 {[%emt 0:07:48]} 20. Bxf4 {[%emt 0:04:36]} Kh7 {[%emt 0:08:59]} 21. h4 {[%emt 0:01:11]} Nc6 {[%emt 0:07:18]} 22. b4 {[%emt 0:01:27]} b6 {[%emt 0:04:56]} 23. Rab1 {[%emt 0:01:05]} Ne5 {[%emt 0:05:08]} 24. b5 {[%emt 0:07:25]} d5 {[%emt 0:02:26]} 25. Rfe1 {[%emt 0:03:38]} dxe4 {[%emt 0:10:00]} 26. Rxe4 {[%emt 0:00:49]} Ng4 {[%emt 0:01:04]} 27. Nxg4 {[%emt 0:02:20]} Bxg4 {[%emt 0:00:03]} 28. Rbe1 {[%emt 0:01:46]} Qxb5 {[%emt 0:08:32]} 29. Bd6 {[%emt 0:00:53]} Rfd8 {[%emt 0:00:19]} 30. Rxg4 {[%emt 0:05:50]} Rxd6 {[%emt 0:00:31]} 31. Re7 {[%emt 0:01:11]} f5 {[%emt 0:06:20]} 32. Rf4 {[%emt 0:01:28]} Qxd3 {[%emt 0:04:42]} 33. Qxd3 {[%emt 0:00:30]} Rxd3 {[%emt 0:00:05]} 34. Rxa7 {[%emt 0:00:42]} Rxg3 {[%emt 0:01:24]} 35. h5 {[%emt 0:00:36]} Rd8 {[%emt 0:01:35]} 36. Rb7 {[%emt 0:03:04]} Rd6 {[%emt 0:01:50]} 37. c4 {[%emt 0:00:49]} gxh5 {[%emt 0:03:56]} 38. Rxf5 {[%emt 0:01:39]} Kg6 {[%emt 0:03:01]} 39. Rd5 {[%emt 0:00:29]} Re6 {[%emt 0:02:38]} 40. Kf2 {[%emt 0:01:59]} h4 {[%emt 0:00:32]} 41. Rdd7 {[%emt 0:03:02]} Bd4+ {[%emt 0:01:21]} 42. Kf1 {[%emt 0:00:03]} h3 {[%emt 0:00:38]} 43. Bd5 Rg1# 0-1